Řízení zásob spotřebou

Riadenie na základe minimálnej hranice zásob. Príklad výpočtu minimálnej hranice zásob. Supplier managed inventory (SMI) - riadenie zásob dodávateľom, kde sa zodpovednosť za stav zásob presúva na dodávateľa. Japonský systém Kanban.

Enregistré dans:
Détails bibliographiques
Auteur principal: Průša, Petr
Autres auteurs: Schacherl, Lucie
Format: Chapitre de livre
Langue:tchèque
Sujets:
Tags: Ajouter un tag
Pas de tags, Soyez le premier à ajouter un tag!

MARC

LEADER 00000naa$a2200000$$$4500
001 0081584
005 20231128134710.8
041 0 |a cze 
044 |a CZ 
245 1 0 |a Řízení zásob spotřebou  |c Petr Průša, Lucie Schacherl 
520 |a Riadenie na základe minimálnej hranice zásob. Príklad výpočtu minimálnej hranice zásob. Supplier managed inventory (SMI) - riadenie zásob dodávateľom, kde sa zodpovednosť za stav zásob presúva na dodávateľa. Japonský systém Kanban. 
610 2 0 |a zásoby 
610 2 0 |a riadenie zásob 
610 2 0 |a dodávatelia 
610 2 0 |a zákazníci 
610 2 0 |a spotreba 
610 2 0 |a dopyt 
100 1 |a Průša, Petr 
700 1 |a Schacherl, Lucie